000 00778nam0a22002291 4500
001 rc\517242
005 20260407140416.0
035 _a(NLR Aleph) 005756705
090 _a4896568
_c4896568
100 _a20030616d1987 |||y0rusy50 ca
101 0 _arus
102 _aRU
105 _ay |||||||||
200 1 _aОРГАНИЗАЦИЯ хозяйственного расчета ремонтно-строительных цехов
_eПоложение 299042-105-П-87
_fЦНИИ "Румб"
210 _aЛ.
_cЦНИИ "Румб"
_d1987
215 _a[1], 17 с.
_d20
712 0 2 _a"Румб", институт
_cЛенинград
_9511416
_3RU\NLR\AUTH\8810006944
801 0 _aRU
_bNLR
_gpsbo
801 1 _aRU
_bELAR
_2rusmarc
852 _aNLR
_j88-4/7606
942 _cBOOK
980 _aNB